| 000 | 00399nam a2200145Ia 4500 | ||
|---|---|---|---|
| 008 | 130318s9999 xx 000 0 und d | ||
| 020 | _a1852334355 | ||
| 082 | _a70.5797 HEN/E | ||
| 100 | _aHenke, Harold | ||
| 245 | _aElectronic books and e-publishing: A practical guide for authors | ||
| 260 |
_bSpringer _aLondon _c2001 |
||
| 300 |
_a222 _e1 CD |
||
| 650 | _aELECTRONIC BOOKS | ||
| 650 | _aEPUBLISHING | ||
| 999 |
_c338 _d338 |
||